Music Quiz

Random Music or Artist Quiz

100 Artists' Albums Quiz Stats

 Plays Quiz Updated Oct 18, 2017

Challenge
Share
Tweet
Embed
Score 0/100 Timer 15:00
4 Plays Today
Artist Example Album % Correct
The BeatlesAbbey Road
83.2%
AC/DCBack in Black
79.6%
Michael JacksonThriller
76.3%
Adele19
75.4%
Pink FloydThe Wall
72.6%
Green DayAmerican Idiot
71.9%
PrincePurple Rain
70.9%
U2The Joshua Tree
69.7%
Bruce SpringsteenBorn to Run
69.4%
EaglesHotel California
67.9%
Billy JoelPiano Man
67.2%
NirvanaNevermind
66.4%
Bee GeesSaturday Night Fever
65.1%
The Beach BoysSurfin' USA
64.4%
Fleetwood MacRumours
63.4%
MadonnaLike a Prayer
62.8%
David BowieHunky Dory
62.6%
Alanis MorissetteJagged Little Pill
61.8%
The ClashLondon Calling
61.1%
Boyz II MenThe Remedy
59.7%
Guns N' RosesAppetite for Destruction
59.3%
Led ZeppelinHouses of the Holy
59.1%
ColdplayParachutes
58.5%
The WhoTommy
58.2%
Red Hot Chili PeppersCalifornication
57.2%
MetallicaLoad
56.9%
The White StripesIcky Thump
56.2%
R.E.MAutomatic for the People
55.3%
Elton JohnGoodbye Yellow Brick Road
54.5%
RadioheadOK Computer
52.5%
The Rolling StonesSticky Fingers
52.4%
EminemEncore
51.7%
QueenA Day at the Races
51.3%
OasisDefinitely Maybe
50.1%
Artist Example Album % Correct
Bon JoviSlippery When Wet
49.7%
The Jimi Hendrix ExperienceAre You Experienced
49.7%
Simon & GarfunkelBridge Over Troubled Water
49.6%
Bob DylanHighway 61 Revisited
49.5%
Britney Spears..Baby One More Time
49.1%
Def LeppardHysteria
48.2%
AerosmithPump
47.8%
Spice GirlsSpice
47.2%
Jay-ZThe Blueprint
45.8%
Lady GagaBorn This Way
43.4%
Marvin GayeMidnight Love
42.8%
Black SabbathParanoid
42.4%
Kanye WestGraduation
40.1%
BeyoncéDangerously in Love
39.5%
Van HalenVan Halen II
39.5%
The PoliceZenyattà Mondatta
38.7%
WeezerPinkerton
38.6%
Dire StraitsBrothers in Arms
36.7%
Black Eyed PeasThe E.N.D
36.6%
Stevie WonderSongs in the Key of Life
36.5%
Duran DuranRio
35.4%
SupertrampBreakfast in America
33.5%
GenesisInvisible Touch
32.7%
ABBAWaterloo
32.3%
The KillersSam's Town
31.4%
Whitney HoustonThe Bodyguard
31.1%
Iron MaidenThe Number of the Beast
30.2%
EurythmicsTouch
29.8%
Tom JonesDelilah
29.8%
blurParklife
29.3%
Foo FightersWasting Light
29.2%
Kylie MinogueFever
29.1%
Phil CollinsNo Jacket Required
28.6%
Katy PerryTeenage Dream
28.5%
Artist Example Album % Correct
The CureWish
27%
KISSCrazy Nights
26.4%
Mariah CareyDaydream
26%
Linkin ParkMinutes to Midnight
25%
BlondiePlastic Letters
24.9%
MuseAbsolution
23.7%
Deep PurpleMachine Head
23%
BananaramaPop Life
22.3%
Elvis PresleyElvis is Back
21.9%
Depeche ModeUltra
19.7%
KraftwerkAutobahn
19.6%
Tina TurnerPrivate Dancer
19.6%
RihannaLoud
18.8%
Destiny's ChildSurvivor
18.1%
James TaylorSweet Baby James
18%
RamonesRoad to Ruin
16.9%
Kings of LeonOnly by the Night
16.8%
Tears for FearsSongs from the Big Chair
16.6%
NickelbackSilver Side Up
16.2%
UsherConfessions
15.8%
Rod StewartA Night on the Town
15.2%
Sheryl CrowC'mon C'mon
15.2%
Cliff RichardCliff Sings
13.9%
Jeff BeckWired
13.4%
Take ThatNobody Else
13.1%
Fall Out BoyInfinity on High
13%
The HolliesEvolution
10.7%
Neil DiamondBeautiful Noise
10.6%
a-haHunting High and Low
9.5%
Wham!Make it Big
7.8%
StereophonicsJust Enough Education to Perform
7.2%
UB40Promises and Lies
6.3%

You're not logged in!

Compare scores with friends on all Sporcle quizzes.
Join for Free
OR
Log In

You Might Also Like...

Show Comments

Extras

Top Quizzes Today


Score Distribution

Your Account Isn't Verified!

In order to create a playlist on Sporcle, you need to verify the email address you used during registration. Go to your Sporcle Settings to finish the process.

Report this User

Report this user for behavior that violates our Community Guidelines.

Details: